00685 2200241 4500001002100000005001500021035002000036007000300056008004100059082000800100084001400108100001800122245009500140260003800235300002200273020002200295250000900317700002100326990002400347990002400371990002400395990002400419INLIS00000000000275320260531094326 a0010-0720000036ta260531 g 0 ind  a613 a613 EDI w0 aEdison Munthe1 aWhen God Listens :bMelayani dan Memahami Pasian Kanker /cEdison Munthe; Editor: Anang YB aYogyakarta :bPohon Cahaya,c2017 a168 hlm. ;c21 cm a678-602-5474-09-5 aEd.10 aEditor: Anang YB a34.686/DAK/DPK/2019 a34.687/DAK/DPK/2019 a34.688/DAK/DPK/2019 a34.685/DAK/DPK/2019